000 01161nam a22002537a 4500
005 2011061005435.0
008 110610t xxu||||| |||| 00| 0 mar d
010 _aMAR-20919
020 _c100.00
035 _aMR-13577
037 _bDBAD / PUB
040 _aDPL
_bMR
082 _a920
100 _aरूईकर,मालती
_928558
245 _aकामगार केसरी रामभाऊ रूईकर जीवन-चरित्र /
_cमालती रूईकर
246 _akamgar kesari Rambhau Ruikar Jeevan Charita
_bby Malati Ruikar
260 _aनागपूर
_bमंगेश प्रकाशन
_c2010
270 _a23 नवी रामदास पेठ, सोमलवार शाळेजवळ,
_bनागपूर
_e440010
300 _a140पृ.
_c21सेमी(अजिल्द)
_bसचित्र
650 _aजीवन चरित्र
_928569
650 _aBiography
_928570
942 _2ddc
_cMR
_h920
_mरूईक
999 _c52826
_d52826